000 00549cam a22002291 4500
001 sa 66000842
003 DLC
005 20260227112217.0
008 890613s1965 ii 000 0 urdr
010 _asa 66000842
035 _a(OCoLC)19865317
040 _aDLC
_cWaU
_dDLC
042 _apremarc
050 0 0 _aBP189
_b.A17
100 0 _aAbdul Majid,
_d1977.
245 1 0 _aTas̄avvuf-i Islām.
260 _c[1965]
300 _a222 p.
_c19 cm.
500 _aIn Urdu.
500 _aText partially vocalized.
650 0 _aMysticism
_xIslam.
999 _c67443
_d67443